00690nam a2200193 a 4500001001300000003000900013005001700022008004100039020000800080082001500088245005400103260003000157300000900187500003500196505001700231505017000248650002900418710004900447nice12345678IN_TiNIC20260116011327.0050524s1968 leia grp 000 0 eng  ac000a200.9bINT aImpact of Modern Culture on Traditional Religions aLeidenbE. J. Brillc1968 a181p aincludes index and biblioraphy2 aBibliography2 aBibliography00gV 1.tImpact of Modern Culture on Traditional Religi.--gV 2.tRole of Historical Scholarship in Changing the.--gV 3.tGuilt Or Pollution and Rites  aReligion-Cultural Impact2 aInternational Asso. for History of Religions